Statistics for Countries with the Highest Fertility Rate

Click here to take the quiz!

General Stats

  • This quiz has been taken 69 times
  • The average score is 15 of 20

Answer Stats

RateAnswer% Correct
7.60Niger
98%
6.16Chad
91%
5.65Nigeria
89%
6.23Mali
88%
6.08Angola
81%
6.46Somalia
81%
5.78Uganda
81%
6.01DR. C
79%
5.09Senegal
79%
5.15Tanzania
79%
5.36Mozambique
77%
5.35Zambia
77%
5.01Guinea
74%
5.02South Sudan
72%
5.95Burundi
68%
5.72Gambia
67%
5.13Malawi
67%
5.00Ivory Coast
63%
5.52Burkina Faso
61%
5.10East Timor
18%

Score Distribution

Percentile by Number Answered

Percent of People with Each Score

Your Score History

You have not taken this quiz